[Event "e2e4 Gatwick Open 2013"]
[Site "Crawley ENG"]
[Date "2013.04.07"]
[Round "4"]
[White "Savage,Nicholas W"]
[Black "Jones,Steven A"]
[Result "0-1"]
[WhiteElo "2051"]
[BlackElo "2025"]

1.d4 Nf6 2.c4 e6 3.Nf3 Bb4+ 4.Nbd2 b6 5.g3 Bb7 6.Bg2 O-O 7.O-O d5 8.b3 Bc3
9.Rb1 dxc4 10.Nxc4 Be4 11.Ba3 Bxb1 12.Qxb1 c5 13.dxc5 b5 14.Ng5 bxc4 15.Bxa8 Qa5
16.Bb2 Bxb2 17.Qxb2 Na6 18.Bg2 Qxc5 19.Ne4 Nxe4 20.Bxe4 c3 21.Qb1 f5 22.Bd3 Nb4
23.Bc4 Qe5 24.Qc1 Rd8 25.a3 Nc6 26.Rd1 Rxd1+ 27.Qxd1 Nd4 28.Bd3 Qd5 29.b4 h6
30.Qc1 Qb3 31.Kf1 e5 32.f3 c2 33.Kf2 Kf7 34.Ke3 Qc3 35.b5 Nb3  0-1

[Event "ch-ISR 2013"]
[Site "Acre ISR"]
[Date "2013.04.13"]
[Round "8.6"]
[White "Raznikov,D"]
[Black "Zoler,D"]
[Result "1-0"]
[WhiteElo "2488"]
[BlackElo "2553"]

1.d4 Nf6 2.Nf3 e6 3.c4 Bb4+ 4.Nbd2 b6 5.a3 Bxd2+ 6.Qxd2 Bb7 7.e3 O-O 8.Be2 d6
9.b4 Nbd7 10.O-O Qe7 11.Bb2 Ne4 12.Qc2 f5 13.d5 e5 14.Ne1 c6 15.dxc6 Bxc6
16.f3 Ng5 17.Qd2 Rf6 18.e4 f4 19.Nd3 Nf7 20.Rfc1 g5 21.c5 dxc5 22.bxc5 bxc5
23.Nxc5 Nxc5 24.Qb4 Bxe4 25.Rxc5 Rb6 26.Rc8+ Rxc8 27.Qxe7 Rxb2 28.Bf1 Bb1
29.Qxa7 Rc1 30.a4 Rd2 31.Qb8+ Rd8 32.Rxb1 Rxb8 33.Rxc1 Ra8 34.Bb5 Nd6 35.Rc5 Kf7
36.Rxe5 Kf6 37.Re1 Ra5 38.Bd7 Nc4 39.Re4 Rc5 40.Re6+ Kf7 41.Rc6 Rxc6 42.Bxc6 Ke6
43.Kf2 Ke5 44.Bb5 Na5 45.Ke2 Kd4 46.Kd2 h5 47.h3 h4 48.Kc2 Ke3 49.Kc3 Kf2
50.Kb4 Kxg2 51.Bd7 Nc6+ 52.Bxc6 Kxh3 53.a5 Kg3 54.Bd7 h3 55.Bxh3 Kxh3 56.a6 g4
57.a7 g3 58.a8=Q g2 59.Qg8 Kh2 60.Qh7+ Kg1 61.Qb1+ Kf2 62.Qc2+ Ke3 63.Qc1+ Kxf3
64.Qe1 Kg4 65.Qf2 Kh3 66.Qf3+ Kh2 67.Qxf4+ Kh1 68.Qh4+ Kg1 69.Kc3  1-0

[Event "ch-LAT w 2013"]
[Site "Riga LAT"]
[Date "2013.04.14"]
[Round "2.2"]
[White "Kane,Marta"]
[Black "Berzina,I"]
[Result "0-1"]
[WhiteElo "1839"]
[BlackElo "2292"]

1.d4 Nf6 2.Nf3 e6 3.c4 Bb4+ 4.Nbd2 b6 5.a3 Bxd2+ 6.Bxd2 Bb7 7.e3 O-O 8.Bd3 Ne4
9.O-O f5 10.Rc1 Rf6 11.c5 Rg6 12.Be2 Bd5 13.Bc4 Bb7 14.Be2 Nc6 15.b4 Ne7
16.b5 Bd5 17.Bc4 Nxd2 18.Bxd5 Nxf1 19.Bxa8 Nxe3 20.fxe3 Qxa8 21.Qe2 Nd5 22.a4 f4
23.Ne5 Rg5 24.Nf3 Rh5 25.exf4 Nxf4 26.Qd2 Rf5 27.Rc3 Nd5 28.Rc2 Qe8 29.Qe2 Qh5
30.c6 Qe8 31.cxd7 Qxd7 32.Rc6 Rf6 33.Ne5 Nf4 34.Qd1 Qxd4+  0-1

[Event "48th Capablanca Open II 2013"]
[Site "Havana CUB"]
[Date "2013.04.22"]
[Round "2.13"]
[White "Agra Caballero,A"]
[Black "Brito Valdes,Santiago Jose"]
[Result "1/2-1/2"]
[WhiteElo "2202"]
[BlackElo "2058"]

1.d4 Nf6 2.Nf3 e6 3.c4 Bb4+ 4.Nbd2 O-O 5.g3 b6 6.Bg2 Bb7 7.O-O Be7 8.b3 d6
9.Qc2 Nbd7 10.Bb2 c5 11.dxc5 Nxc5 12.Rfd1 Rc8 13.b4 Ncd7 14.Qb3 Qc7 15.Rac1 Qb8
16.Nd4 Bxg2 17.Kxg2 a6 18.N2f3 Rc7 19.b5 Nc5 20.Qc2 d5 21.Nc6 Qe8 22.Nfe5 dxc4
23.Qxc4 axb5 24.Qxb5 Nd5 25.Rxd5 exd5 26.Bd4 f6 27.Qxb6 Rb7 28.Nxe7+ Qxe7
29.Bxc5 Rxb6 30.Bxe7 fxe5 31.Bxf8 Kxf8 32.Rc5 Rb2 33.Kf3 e4+ 34.Ke3 d4+ 35.Kxd4 Rxe2
36.Rf5+ Ke7 37.a4 g6 38.Rf4 Kd6 39.a5 Ra2 40.a6 Ra4+ 41.Ke3 Ke5 42.Rf7 Ra3+
43.Ke2 Rxa6 44.Rxh7 Ra2+ 45.Kf1 Kf5 46.Re7 g5 47.h3 Rb2 48.Ra7 e3 49.Ra5+ Ke4
50.fxe3 Kf3 51.Rf5+ Kxg3 52.Rxg5+ Kf3 53.Rf5+ Kxe3 54.Kg1 Ke4 55.Rf7 Ke5
56.h4 Ke6 57.Rf4 Ke5 58.Rf8 Rb4  1/2-1/2

[Event "Nakhchivan Open A 2013"]
[Site "Nakhchivan AZE"]
[Date "2013.04.23"]
[Round "2.6"]
[White "Mchedlishvili,M"]
[Black "Abasov,N"]
[Result "1/2-1/2"]
[WhiteElo "2640"]
[BlackElo "2479"]

1.d4 Nf6 2.c4 e6 3.Nf3 Bb4+ 4.Nbd2 b6 5.e3 Bb7 6.Bd3 O-O 7.O-O d5 8.a3 Bxd2
9.Qxd2 Nbd7 10.b4 c5 11.Bb2 cxd4 12.Nxd4 Ne5 13.c5 Nxd3 14.Qxd3 bxc5 15.bxc5 Qc8
16.Rfc1 Ba6 17.Nb5 Bxb5 18.Qxb5 Rb8 19.Qe2 Qc6 20.Bxf6 gxf6 21.Rc3 Kh8 22.Qf3 f5
23.Qf4 f6 24.Qd4 Rb7 25.Rac1 a5 26.Qd3 Rfb8 27.Qd4 Rf8 28.Qd3  1/2-1/2

[Event "Nakhchivan Open A 2013"]
[Site "Nakhchivan AZE"]
[Date "2013.04.23"]
[Round "2.25"]
[White "Khademalsharieh,S"]
[Black "Guliev,L"]
[Result "1/2-1/2"]
[WhiteElo "2267"]
[BlackElo "2401"]

1.d4 Nf6 2.c4 e6 3.Nf3 Bb4+ 4.Nbd2 O-O 5.a3 Be7 6.e4 d5 7.e5 Nfd7 8.Bd3 c5
9.O-O dxc4 10.Nxc4 Nc6 11.Qc2 h6 12.dxc5 Nxc5 13.Bh7+ Kh8 14.Rd1 Qc7 15.b4 Nb3
16.Qxb3 Kxh7 17.b5 Nb8 18.Nd6 Nd7 19.Be3 Bxd6 20.exd6 Qd8 21.Bd4 b6 22.Ne5 Nxe5
23.Bxe5 Bb7 24.Qd3+ Kg8 25.Qg3 f6 26.Bf4 Kh7 27.Rac1 Rf7 28.h4 Rd7 29.Qb3 Qe8
30.Rc7 Rad8 31.Rdc1 e5 32.Bg3 Qg6 33.Kh2 Be4 34.Rxd7 Rxd7 35.Rc8 Qf7 36.Qxf7 Rxf7
37.f3 Bf5 38.Rc6 Kg8 39.a4 Rd7 40.Be1 Kf7 41.Bb4 h5 42.Kg1 e4 43.fxe4 Bxe4
44.Rc4 Bd5 45.Rc3 g5 46.hxg5 fxg5 47.Rd3 Ke6 48.Re3+ Kf5 49.Re7 Be6 50.Kf2 h4
51.Re8 Ke5 52.a5 Rf7+ 53.Kg1 bxa5 54.Bxa5 Kxd6 55.b6 g4 56.Re7 Rxe7 57.Bb4+ Kd5
58.Bxe7 axb6 59.Bxh4 Kc4 60.Kf2 Kd3 61.Ke1 Bb3 62.Bd8 b5 63.Ba5 Kc2  1/2-1/2

[Event "Nakhchivan Open A 2013"]
[Site "Nakhchivan AZE"]
[Date "2013.04.24"]
[Round "3.15"]
[White "Agaragimov,D"]
[Black "Mirzoev,A"]
[Result "1/2-1/2"]
[WhiteElo "2348"]
[BlackElo "2557"]

1.d4 Nf6 2.Nf3 e6 3.c4 Bb4+ 4.Nbd2 O-O 5.g3 d5 6.Qc2 b6 7.Bg2 Bb7 8.O-O Nbd7
9.Rd1 Rc8 10.cxd5 exd5 11.Qa4 a5 12.a3 Bd6 13.Nh4 Re8 14.e3 g6 15.Nhf3 Qe7
16.Nb1 Ne4 17.Nc3 Ndf6  1/2-1/2

[Event "ch-CHN w 2013"]
[Site "Xinghua CHN"]
[Date "2013.04.27"]
[Round "11.1"]
[White "Guo Qi"]
[Black "Kuang Yinghui"]
[Result "1-0"]
[WhiteElo "2439"]
[BlackElo "2212"]

1.d4 Nf6 2.c4 e6 3.Nf3 Bb4+ 4.Nbd2 O-O 5.a3 Be7 6.e4 d5 7.Bd3 c5 8.e5 Nfd7
9.h4 g6 10.Qc2 cxd4 11.h5 Qe8 12.Nb3 Nc6 13.Bf4 f5 14.hxg6 hxg6 15.cxd5 exd5
16.O-O-O g5 17.Nxg5 Bxg5 18.Bxg5 Ndxe5 19.f3 Bd7 20.Qf2 Qg6 21.f4 Nf7 22.Rh3 Nce5
23.Rg3 Ng4 24.Rxg4 Qc6+ 25.Kb1 fxg4 26.Nxd4 Qd6 27.Qh4 Nxg5 28.fxg5 Qe7 29.Rh1 Qg7
30.Bh7+ Kh8 31.Bf5+  1-0

[Event "48th Capablanca Open II 2013"]
[Site "Havana CUB"]
[Date "2013.04.30"]
[Round "9.5"]
[White "Martin,O"]
[Black "Munoz Perez,R"]
[Result "1-0"]
[WhiteElo "2262"]
[BlackElo "2195"]

1.d4 Nf6 2.c4 e6 3.Nf3 Bb4+ 4.Nbd2 b6 5.e3 Bb7 6.Bd3 O-O 7.O-O d5 8.a3 Be7
9.b4 Nbd7 10.c5 Ne4 11.Qc2 Ndf6 12.c6 Nxd2 13.Bxd2 Bc8 14.Ne5 g6 15.f4 Ne8
16.Rf3 Ng7 17.Rh3 f5 18.a4 a6 19.Kh1 Ne8 20.Rg1 Nd6 21.g4 Bf6 22.Be1 Re8
23.Qg2 Re7 24.Bh4 Rg7 25.Bxf6 Qxf6 26.Rg3 Rb8 27.Qe2 Ra8 28.R1g2 Qe7 29.Qe1 Qe8
30.h4 Nf7 31.h5 Nxe5 32.fxe5 Qxc6 33.hxg6 hxg6 34.Rh3 Bb7 35.gxf5 exf5 36.Bxf5 Rf8
37.b5 axb5 38.axb5 Qe8 39.Bg4 Bc8 40.Bxc8 Qxc8 41.Rgh2 Kf7 42.Rf3+ Ke6 43.Qg3 Qd8
44.Qg4+ Ke7 45.Rhf2 Rxf3 46.Qxf3 Qh8+ 47.Kg1 Rh7 48.Qxd5 Qc8 49.Qf3 Qe6 50.Qf6+ Qxf6
51.Rxf6 Rh3 52.Kf2 Rh2+ 53.Kf3 Rb2 54.Rxg6 Rxb5 55.Rg7+ Kd8 56.Ke4 c6 57.Kf5 Rb3
58.Ke6 Rxe3 59.Kd6 Ke8 60.Kxc6 Re4 61.Kd5 Rh4 62.e6 b5 63.Ke5 b4 64.Rb7  1-0

[Event "Chinese Teams 2013"]
[Site "Tianjin CHN"]
[Date "2013.05.01"]
[Round "2.5"]
[White "Belov,Vl"]
[Black "Wang Rui"]
[Result "1/2-1/2"]
[WhiteElo "2641"]
[BlackElo "2408"]

1.d4 Nf6 2.c4 e6 3.Nf3 Bb4+ 4.Nbd2 b6 5.a3 Bxd2+ 6.Qxd2 Bb7 7.e3 d6 8.Be2 Nbd7
9.O-O O-O 10.b4 Ne4 11.Qc2 f5 12.Ne1 Qh4 13.f3 Ng5 14.c5 dxc5 15.dxc5 bxc5
16.bxc5 Bc6 17.Bb2 Rab8 18.Nd3 Bb5 19.c6 Nb6 20.Bd4 Nf7 21.Rab1 Nd6 22.Ne5 Bxe2
23.Qxe2 Rfd8 24.Qa2 Qe7 25.a4 Nf7 26.Nxf7 Kxf7 27.Rb5 Rd5 28.Rxd5 Nxd5 29.e4 Rb4
30.Bxa7 Nc3 31.Qc2 Rxa4 32.exf5 Rxa7 33.fxe6+ Qxe6 34.Qxc3 Ra2  1/2-1/2

[Event "Old Capital Open 2013"]
[Site "Veliko Tarnovo BUL"]
[Date "2013.05.04"]
[Round "6.17"]
[White "Tzouvelekis,I"]
[Black "Kalchev,St"]
[Result "1/2-1/2"]
[WhiteElo "1924"]
[BlackElo "2106"]

1.d4 Nf6 2.c4 e6 3.Nf3 Bb4+ 4.Nbd2 c5 5.a3 Bxd2+ 6.Bxd2 b6 7.dxc5 bxc5 8.g3 Bb7
9.Bg2 O-O 10.O-O Qb6 11.b4 Rc8 12.Be3 d6 13.bxc5 Qa6 14.cxd6 Rxc4 15.Ne5 Bxg2
16.Kxg2 Rc8 17.Bg5 Nbd7 18.Nxd7 Qb7+ 19.f3 Qxd7 20.Qd4 Rc7 21.Rf2 e5 22.Qb4 a5
23.Qb3 Rc6 24.Bxf6 gxf6 25.Rb1 Rxd6 26.e4 Rd3 27.Qa2 Qa4 28.Rb7 Rf8 29.Rfb2 Rxa3  1/2-1/2

[Event "5th Alexander The Great Open 2013"]
[Site "Porto Carras GRE"]
[Date "2013.05.09"]
[Round "3.3"]
[White "Itkis,B"]
[Black "Nina,M"]
[Result "1/2-1/2"]
[WhiteElo "2395"]
[BlackElo "2284"]

1.d4 Nf6 2.c4 e6 3.Nf3 Bb4+ 4.Nbd2 c5 5.a3 Bxd2+ 6.Bxd2 cxd4 7.Nxd4 d5 8.cxd5 Qxd5
9.Nf3 O-O 10.Bc3 Rd8 11.Bxf6 Qxd1+ 12.Rxd1 Rxd1+ 13.Kxd1 gxf6 14.e3 Bd7 15.Bd3 Nc6
16.Ke2 Kf8 17.Rc1 Rc8 18.Rc4 h6 19.Rh4 Kg7 20.Rg4+ Kf8 21.Rh4 Kg7  1/2-1/2

[Event "Victory Day Open 2013"]
[Site "Moscow RUS"]
[Date "2013.05.12"]
[Round "6.10"]
[White "Tarasov,Alexandr"]
[Black "Shevchenko,Alexe"]
[Result "1-0"]
[WhiteElo "2192"]
[BlackElo "2130"]

1.d4 Nf6 2.c4 e6 3.Nf3 Bb4+ 4.Nbd2 d5 5.Qa4+ Nc6 6.a3 Be7 7.e3 O-O 8.Qc2 Bd7
9.b3 a5 10.Bb2 Rc8 11.Bd3 Na7 12.e4 dxe4 13.Nxe4 Nxe4 14.Bxe4 f5 15.Bd3 c5
16.O-O cxd4 17.Rfe1 Nc6 18.Nxd4 Bf6 19.Nf3 Qc7 20.Bxf6 gxf6 21.Rad1 Rcd8
22.c5 Kh8 23.Bc4 e5 24.Rd6 b6 25.Bb5 Nb8 26.Rxb6 Rc8 27.Bxd7 Nxd7 28.Rb5 f4
29.b4 axb4 30.axb4 Qc6 31.Ra5 Rg8 32.Qe4 Qe6 33.Kh1 Qg4 34.Rg1 Rg6 35.Ra7 Rcg8
36.Ne1 Rh6 37.Qf3 Qh4 38.Qh3 Qg5 39.Qxd7 f5 40.Nf3 Qg4 41.Qd5 e4 42.Qe5+  1-0

[Event "VIII American Continental 2013"]
[Site "Cochabamba BOL"]
[Date "2013.05.14"]
[Round "10.18"]
[White "Rios,Cr"]
[Black "Parraga,Al"]
[Result "1-0"]
[WhiteElo "2362"]
[BlackElo "2163"]

1.d4 Nf6 2.c4 e6 3.Nf3 Bb4+ 4.Nbd2 O-O 5.a3 Bxd2+ 6.Qxd2 d5 7.e3 b6 8.b3 Bb7
9.Be2 Nbd7 10.Bb2 dxc4 11.bxc4 c5 12.O-O Qe7 13.a4 Rfd8 14.a5 e5 15.d5 Ne4
16.Qc2 Nd6 17.e4 f6 18.Nd2 Kh8 19.g3 g5 20.Bg4 Nf8 21.Bh5 Bc8 22.f4 Bh3 23.fxe5 fxe5
24.Rxf8+ Rxf8 25.Qc3 Qf6 26.Qxe5 Kg7 27.Qxg5+  1-0

[Event "2nd Oscar Panno GM"]
[Site "Moron ARG"]
[Date "2013.05.16"]
[Round "5"]
[White "Barrionuevo,P"]
[Black "Perez Ponsa,F"]
[Result "0-1"]
[WhiteElo "2292"]
[BlackElo "2474"]

1.d4 Nf6 2.c4 e6 3.Nf3 Bb4+ 4.Nbd2 b6 5.a3 Bxd2+ 6.Qxd2 Bb7 7.g3 O-O 8.Bg2 Be4
9.O-O a5 10.b3 d6 11.Bb2 Nbd7 12.Rfe1 Qc8 13.Bh3 c6 14.Qe3 h6 15.Rac1 Qb7
16.Nd2 Bg6 17.Qf4 Qb8 18.Bg2 Rc8 19.e4 d5 20.e5 Ne8 21.Bf1 Nc7 22.Qh4 Re8
23.cxd5 cxd5 24.Rc6 b5 25.Rec1 Ra7 26.Rd6 Nb6 27.Rc5 a4 28.Rcc6 Rb7 29.Bc3 axb3
30.Nxb3 Nc4 31.Na5 Ra7 32.Nxc4 dxc4 33.Rb6 Qa8 34.Bb4 Nd5 35.Bg2 Rxa3 36.Bxa3 Qxa3
37.Bxd5 exd5 38.Rxg6 fxg6 39.Rxg6 Qf8 40.Qg4 c3 41.Rf6 Qe7 42.Qg6 b4 43.Rc6 Rf8
44.f4 Rb8 45.Qb1 Qa7 46.Qd3 Qa1+ 47.Kg2 Qe1 48.Qa6 Qe4+ 49.Kh3 Qf5+ 50.g4 Qxf4
51.Rc8+ Rxc8 52.Qxc8+ Kh7 53.Kg2 Qe4+ 54.Kg3 c2  0-1

[Event "7th IBC Limburg Open"]
[Site "Limburg NED"]
[Date "2013.05.19"]
[Round "5.1"]
[White "Dobrov,V"]
[Black "Sipila,V"]
[Result "1-0"]
[WhiteElo "2541"]
[BlackElo "2445"]

1.d4 Nf6 2.c4 e6 3.Nf3 Bb4+ 4.Nbd2 O-O 5.a3 Be7 6.e3 b6 7.b4 c5 8.dxc5 a5
9.Bb2 Na6 10.Be2 Bb7 11.c6 dxc6 12.bxa5 Nc5 13.axb6 Na4 14.Be5 Nd7 15.Bc7 Qc8
16.Ne4 Ndxb6 17.Bxb6 Nxb6 18.c5 Na4 19.Qc2 Ra5 20.Nfd2 Ra8 21.O-O Ba6 22.Bc4 Bxc4
23.Nxc4 Qc7 24.Rab1 Nxc5 25.Nxc5 Bxc5 26.a4 Rfb8 27.Rxb8+ Rxb8 28.g3 Bb4
29.Rb1 c5 30.Rd1 g6 31.h4 h5 32.Qb2 Rd8 33.Ra1 Qd7 34.a5 Qd3 35.Qa2 Ra8 36.a6 Ra7
37.Rc1 Qd5 38.Qa1 Qc6 39.Rd1 Ra8 40.Qf6 Qxa6 41.Nd6 Qa7 42.g4 c4 43.Nxc4 Be7
44.Qf4 Qa4 45.Rd4 Qc6 46.Qxf7+ Kxf7 47.Ne5+ Kg7 48.Nxc6 Bxh4 49.gxh5 g5 50.Ne5 Kh6
51.Kg2 Rf8 52.f3 Be1 53.Rd6 Re8 54.Ng4+ Kg7 55.Rd7+ Kf8 56.Ne5 Rb8 57.h6 Bc3
58.Ng6+ Ke8 59.Rc7 Bf6 60.h7 Rb6 61.Re7+ Kd8 62.Rf7 Bc3 63.e4 Rb2+ 64.Kh3 Rb1
65.e5 Be1 66.h8=R+  1-0

[Event "7th IBC Limburg Open"]
[Site "Limburg NED"]
[Date "2013.05.20"]
[Round "7.2"]
[White "Dobrov,V"]
[Black "Johannessen,LE"]
[Result "1/2-1/2"]
[WhiteElo "2541"]
[BlackElo "2518"]

1.d4 Nf6 2.c4 e6 3.Nf3 Bb4+ 4.Nbd2 b6 5.a3 Bxd2+ 6.Qxd2 Bb7 7.e3 O-O 8.Be2 d6
9.O-O Nbd7 10.b4 Qe7 11.Bb2 Rfd8 12.Rfd1 c5 13.dxc5 dxc5 14.Qc3 Ne8 15.Nd2 f6
16.Nb3 Rac8 17.Qe1 Be4 18.Rac1 Nd6 19.bxc5 Nxc5 20.Nxc5 bxc5 21.f3 Bg6 22.Qa5 e5
23.Bc3 Rc6 24.Be1 Rdc8 25.Bf1 Bf7 26.Qa4 e4 27.f4 Rb6 28.Rb1 Rcb8 29.Rxb6 Rxb6
30.Qc2 h5  1/2-1/2

[Event "Gligoric Cup 2013"]
[Site "Banja Koviljaca SRB"]
[Date "2013.05.24"]
[Round "5.1"]
[White "Bogosavljevic,B"]
[Black "Lajthajm,B"]
[Result "0-1"]
[WhiteElo "2549"]
[BlackElo "2466"]

1.Nf3 Nf6 2.c4 e6 3.d4 Bb4+ 4.Nbd2 O-O 5.Qc2 d5 6.a3 Bxd2+ 7.Bxd2 a5 8.Bg5 b6
9.cxd5 exd5 10.Rc1 Ra7 11.e3 Ba6 12.Bxa6 Nxa6 13.Ne5 Qd6 14.Nc6 Raa8 15.Qf5 Rfe8
16.Bxf6 gxf6 17.O-O Nb8 18.Nxb8 Raxb8 19.Rc3 c5 20.e4 Rxe4 21.Rg3+ Kf8 22.Qxh7 Ke7
23.h4 Qf4 24.h5 cxd4 25.Rf3 Qe5 26.g3 Rc8 27.Kg2 Rg4 28.Qd3 Rh8 29.Rf5 Qe4+
30.Qf3 Rg5 31.Rf4 Qxf3+ 32.Kxf3 Rhxh5 33.Rc1 Rf5 34.Rc7+ Kd6 35.Rxf7 Rxf4+
36.gxf4 Rh3+ 37.Kg4 Ke6 38.Rc7 d3 39.Rc6+ Kd7 40.Rc1 d2 41.Rd1 Rd3 42.Kf5 Ke7
43.Kg6 Ke6 44.Ra1  0-1

[Event "Hungarian National Open 2013"]
[Site "Zalakaros HUN"]
[Date "2013.05.26"]
[Round "5"]
[White "Almasi,I"]
[Black "Borsos,B"]
[Result "1-0"]
[WhiteElo "2389"]
[BlackElo "2270"]

1.d4 Nf6 2.Nf3 e6 3.c4 Bb4+ 4.Nbd2 b6 5.a3 Bxd2+ 6.Qxd2 a5 7.g3 Bb7 8.Bg2 a4
9.O-O O-O 10.Qc2 Be4 11.Qc3 h6 12.Bf4 Nc6 13.Rad1 Ra7 14.Ne5 Bxg2 15.Kxg2 Ne7
16.Qf3 Qa8 17.d5 exd5 18.cxd5 Nexd5 19.Nxd7 Nxf4+ 20.gxf4 Nxd7 21.Qxa8 Rfxa8
22.Rxd7 c5 23.Rd6 Rb7 24.Rfd1 Rc8 25.Rd8+ Rxd8 26.Rxd8+ Kh7 27.Rd5 Rc7 28.Rd3 c4
29.Rc3 b5 30.Kf3 Rd7 31.Rc2 Kg6 32.e3 f5 33.Ke2 Kh5 34.Rd2 Rxd2+ 35.Kxd2 g5
36.fxg5 hxg5 37.f3 Kh4 38.Kc3 g4 39.fxg4 fxg4 40.e4  1-0

[Event "ch-CZE 2013"]
[Site "Ledec nad Sazavou CZE"]
[Date "2013.05.27"]
[Round "7.5"]
[White "Zilka,S"]
[Black "Babula,V"]
[Result "1-0"]
[WhiteElo "2525"]
[BlackElo "2591"]

1.d4 Nf6 2.c4 e6 3.Nf3 Bb4+ 4.Nbd2 O-O 5.a3 Be7 6.e4 d5 7.e5 Nfd7 8.Bd3 c5
9.O-O Nc6 10.Re1 Re8 11.Qc2 h6 12.dxc5 a5 13.Bf1 Nxc5 14.Nb3 Qb6 15.Nxc5 Bxc5
16.Be3 Bxe3 17.Rxe3 Bd7 18.Rd1 Ne7 19.Rb3 Qc7 20.Rc3 Bc6 21.c5 Red8 22.Qe2 b6
23.cxb6 Qxb6 24.Nd4 Be8 25.Rb3 Qc5 26.Rg3 Nc6 27.Qe3 Nxd4 28.Rxd4 Kf8 29.Rxg7 Rab8
30.Qxh6 Ke7 31.Qg5+ Kd7 32.Qd2 Rdc8 33.Rg3 Qb6 34.b4 axb4 35.Rxb4 Qc7 36.Qf4 Rxb4
37.axb4 Qc1 38.Qxc1 Rxc1 39.Rb3 Kc7 40.b5 Kb6 41.f4  1-0

[Event "Grand Europe Open Albena"]
[Site "Albena BUL"]
[Date "2013.06.01"]
[Round "1.27"]
[White "Swapnil,SD"]
[Black "Mishkovski,L"]
[Result "1-0"]
[WhiteElo "2469"]
[BlackElo "2066"]

1.d4 Nf6 2.c4 e6 3.Nf3 Bb4+ 4.Nbd2 d5 5.e3 O-O 6.a3 Be7 7.Bd3 Nbd7 8.O-O c5
9.b3 b6 10.Bb2 Bb7 11.Qe2 Rc8 12.Rad1 Qc7 13.Ne5 cxd4 14.exd4 dxc4 15.Ndxc4 Bd5
16.Rc1 Qb7 17.Ne3 Rxc1 18.Rxc1 Bxb3 19.Ba6 Qe4 20.f3 Qa8 21.Nxd7 Nxd7 22.Rc7 Ba4
23.Bb5  1-0

[Event "Grand Europe Open Albena"]
[Site "Albena BUL"]
[Date "2013.06.02"]
[Round "2.23"]
[White "Gavrilov,Al1"]
[Black "Hussein,AH"]
[Result "1-0"]
[WhiteElo "2454"]
[BlackElo "2284"]

1.d4 e6 2.c4 Nf6 3.Nf3 Bb4+ 4.Nbd2 d5 5.Qa4+ Nc6 6.e3 Bd7 7.Qc2 a5 8.a3 Bxd2+
9.Bxd2 Ne4 10.Bd3 f5 11.O-O O-O 12.b4 Nxd2 13.Qxd2 Be8 14.cxd5 exd5 15.b5 Ne7
16.Rfc1 c6 17.bxc6 Bxc6 18.Ne5 Qd6 19.f4 Rfc8 20.Qb2 g6 21.h3 Rc7 22.Rc5 Be8
23.Rxc7 Qxc7 24.Rc1 Bc6 25.g4 Rf8 26.Qc3 Qd8 27.g5 Kg7 28.h4 h6 29.gxh6+ Kxh6
30.Qe1 Be8 31.Rc2 Nc6 32.Qg3 Nxe5 33.Qg5+ Qxg5+ 34.hxg5+ Kg7 35.dxe5 Bc6
36.Rc5 Rd8 37.Rxa5 d4 38.Kf2 dxe3+ 39.Kxe3 Rh8 40.Bb5 Be4 41.e6 Rb8 42.Bd7 Kf8
43.Kd4 Ke7 44.Ke5 b6 45.Ra7 Rb7 46.Ra6 Rb8 47.a4 Rb7 48.Bb5 Rc7 49.Rxb6 Rc8  1-0

[Event "Grand Europe Open Albena"]
[Site "Albena BUL"]
[Date "2013.06.03"]
[Round "3.1"]
[White "Lupulescu,C"]
[Black "Smith,Bry"]
[Result "1-0"]
[WhiteElo "2655"]
[BlackElo "2467"]

1.d4 Nf6 2.c4 e6 3.Nf3 Bb4+ 4.Nbd2 O-O 5.a3 Be7 6.e4 d5 7.e5 Nfd7 8.Bd3 c5
9.h4 h6 10.Bb1 cxd4 11.Qc2 f5 12.cxd5 exd5 13.Nb3 Nc6 14.Bf4 d3 15.Qxd3 Nc5
16.Nxc5 Bxc5 17.Ba2 Be6 18.b4 Bb6 19.Rd1 Qe7 20.O-O Rad8 21.Rfe1 d4 22.Bc4 Qf7
23.Rc1 Rd7 24.Bxe6 Qxe6 25.Qc4 Nd8 26.Nd2 Rc7 27.Qd3 Qd5 28.Nc4 Ne6 29.Bd2 Rd7
30.Nd6 Bc7 31.Qc4 Qxc4 32.Nxc4 b5 33.Na5 Bxa5 34.bxa5 d3 35.Kf1 Rfd8 36.Rc6 Kf7
37.Bb4 Rd4 38.g3 Rc4 39.Rd6 Re4 40.Rd1 Rxe5 41.R1xd3 Rxd6 42.Rxd6 f4 43.Ra6 f3
44.Rxa7+ Kg6 45.Rd7 Nc5 46.Rd6+ Kf5 47.a6 Ne4 48.a7 Re8 49.Rd5+ Ke6 50.Rd4 Ke5
51.Rd3 Ra8 52.Rxf3 Rxa7 53.Rf8 Nf6 54.Rb8 Ne4 55.Rxb5+ Kd4 56.Rf5 g5 57.h5 Rc7
58.Kg2 Rc2 59.Bf8 Rc6 60.a4 g4 61.Rf4  1-0

[Event "Grand Europe Open Albena"]
[Site "Albena BUL"]
[Date "2013.06.07"]
[Round "7.58"]
[White "Mishkovski,L"]
[Black "Gagarin,Vasily"]
[Result "1-0"]
[WhiteElo "2066"]
[BlackElo "1883"]

1.d4 Nf6 2.Nf3 e6 3.c4 Bb4+ 4.Nbd2 b6 5.a3 Bxd2+ 6.Bxd2 Ne4 7.Bf4 d6 8.e3 Bb7
9.Bd3 O-O 10.O-O Nd7 11.Qc2 f5 12.Ne1 g5 13.Bg3 Ndf6 14.f3 Nxg3 15.hxg3 g4
16.Kf2 Qe7 17.Rh1 gxf3 18.gxf3 Ng4+ 19.Ke2 Qg5 20.Ng2 e5 21.dxe5 Nxe5 22.Nh4 Rae8
23.Qd2 Kh8 24.Rag1 Re7 25.g4 f4 26.e4 Bc8 27.Kf2 Be6 28.Nf5 Nxd3+ 29.Qxd3 Bxf5
30.gxf5 Qf6 31.Qc3 Qe5 32.Rg4 Qxc3 33.bxc3 Re5 34.Rxf4 Ra5 35.Ke3 Rxa3 36.Kd4 c5+
37.Kd5 Rxc3 38.Ke6 Rg8 39.f6 Rg6 40.Ke7 Rxf6 41.Rxf6 a5 42.Rg1 a4 43.Rf8+  1-0

[Event "Zonal 3.4 2013"]
[Site "Osh KGZ"]
[Date "2013.06.09"]
[Round "3"]
[White "Markov,M KGZ"]
[Black "Atabayev,Y"]
[Result "1-0"]
[WhiteElo "2255"]
[BlackElo "2443"]

1.c4 Nf6 2.Nf3 e6 3.d4 Bb4+ 4.Nbd2 O-O 5.Qc2 d5 6.e3 b6 7.a3 Bxd2+ 8.Bxd2 Ba6
9.Rc1 Nbd7 10.cxd5 Bxf1 11.Kxf1 Nxd5 12.e4 N5f6 13.e5 Nd5 14.Ng5 g6 15.h4 c5
16.h5 cxd4 17.hxg6 fxg6 18.Nxe6 Qe7 19.Nxf8 Rxf8 20.Qe4 Qf7 21.Qxd4 Nc5 22.Bh6 Rd8
23.Rh3 Ne6 24.Qe4 Nc5 25.Qh4 Qd7 26.Kg1 Ne6 27.Rd1  1-0

[Event "Portuguese Masters"]
[Site "Sintra POR"]
[Date "2013.06.10"]
[Round "3.1"]
[White "Dias,P"]
[Black "Rego,P"]
[Result "1-0"]
[WhiteElo "2434"]
[BlackElo "2262"]

1.d4 Nf6 2.c4 e6 3.Nf3 Bb4+ 4.Nbd2 O-O 5.e3 d5 6.a3 Be7 7.Bd3 b6 8.O-O Bb7
9.b4 c5 10.cxd5 Bxd5 11.e4 Bb7 12.bxc5 bxc5 13.Rb1 Qc8 14.e5 Nd5 15.Ne4 cxd4
16.Nfg5 g6 17.Qf3 Kg7 18.Nf6 Nd7 19.Nfxh7 Nxe5 20.Qe4 Bxg5 21.Qxe5+ f6 22.Qe4 f5
23.Qxd4+ Kxh7 24.Bxg5 Qd7 25.Qh4+ Kg8 26.Qh6 Rf7 27.Qxg6+ Rg7 28.Rxb7 Rxg6
29.Rxd7 Rxg5 30.Bc4 Nf4 31.g3 Rc8 32.Rd4 Nd5 33.Bxd5 exd5 34.Rxd5 Rc7 35.Rfd1 Kf8
36.f4 Rgg7 37.Rxf5+ Ke8 38.Re5+ Kf8 39.Rd2 Rc1+ 40.Kg2 Rb7 41.Re3 Kf7 42.h4 a5
43.Rd5 Rb2+ 44.Kh3 a4 45.Re4 Rb3 46.Rxa4 Rh1+ 47.Kg2 Ra1 48.Rd2 Kf6 49.Ra6+ Kf5
50.Rd5+ Ke4 51.Re5+ Kd4 52.Rd6+ Kc4 53.Re8 Ra2+ 54.Kh3 Kc5 55.Rg6 Raxa3 56.h5 Ra1
57.Re2 Kd5 58.h6 Rb8 59.Re5+ Kd4 60.Rd6+ Kc4 61.Kg4 Rh1 62.Kg5 Rg8+ 63.Rg6 Rh8
64.g4 Kd4 65.Rd6+ Kc4 66.f5 Rg8+ 67.Rg6 Rd8 68.Rg7 Kd4 69.Re6 Rh8 70.Rd7+ Kc5
71.Rg6 Rh2 72.f6 Kc6 73.Rd3 Kc7 74.f7 Rf2 75.Rg8  1-0

[Event "2nd Grand Europe Open 2013"]
[Site "Golden Sands BUL"]
[Date "2013.06.11"]
[Round "2.56"]
[White "Gavrilov,Al1"]
[Black "Kozyrev,D"]
[Result "1-0"]
[WhiteElo "2454"]
[BlackElo "2156"]

1.d4 Nf6 2.c4 e6 3.Nf3 Bb4+ 4.Nbd2 d5 5.Qa4+ Nc6 6.e3 O-O 7.a3 Bxd2+ 8.Bxd2 Ne4
9.Rd1 Ne7 10.Bd3 Nxd2 11.Rxd2 a6 12.O-O b6 13.Rc1 Bb7 14.cxd5 Nxd5 15.Be2 Qe7
16.Rdc2 b5 17.Qa5 Rfc8 18.Ne5 Nb6 19.b3 h6 20.Bf3 Bd5 21.Bxd5 Nxd5 22.h3 Qg5
23.Rc6 h5 24.Nf3 Qf5 25.Rxa6 Rxa6 26.Qxa6 Rb8 27.Qa7 Rb6 28.e4 Qf4 29.Rc5 Nf6
30.Ng5 Nd7 31.Qxc7  1-0

[Event "2nd Grand Europe Open 2013"]
[Site "Golden Sands BUL"]
[Date "2013.06.15"]
[Round "6.22"]
[White "Parligras,C"]
[Black "Drasko,M"]
[Result "1/2-1/2"]
[WhiteElo "2299"]
[BlackElo "2469"]

1.d4 e6 2.Nf3 Nf6 3.c4 Bb4+ 4.Nbd2 d6 5.a3 Bxd2+ 6.Qxd2 O-O 7.g3 a5 8.b3 Bd7
9.Bg2 Bc6 10.O-O Nbd7 11.Bb2 Be4 12.Rfd1 a4 13.b4 Nb6 14.Qc3 Bxf3 15.Bxf3 d5
16.cxd5 exd5 17.Bc1 Ne4 18.Bxe4 dxe4 19.d5 Nxd5 20.Qe5 c6 21.Qxe4 Re8 22.Qc2 Qf6
23.Bb2 Qe6 24.e3  1/2-1/2

[Event "Portuguese Masters"]
[Site "Sintra POR"]
[Date "2013.06.15"]
[Round "8.2"]
[White "Santos,AntonioP"]
[Black "Fernandes,Al"]
[Result "0-1"]
[WhiteElo "2255"]
[BlackElo "2139"]

1.d4 Nf6 2.c4 e6 3.Nf3 Bb4+ 4.Nbd2 b6 5.a3 Bxd2+ 6.Qxd2 d6 7.g3 Bb7 8.Bg2 Nbd7
9.O-O O-O 10.Rd1 Qe7 11.b4 a5 12.Bb2 Be4 13.d5 Bxf3 14.exf3 e5 15.Bc3 axb4
16.axb4 Nh5 17.Qc2 g6 18.Ra4 Rfb8 19.Rda1 Qe8 20.Ra7 Rxa7 21.Rxa7 Qd8 22.Bf1 Ra8
23.Qa4 Rxa7 24.Qxa7 Nhf6 25.Qb7 Qb8 26.Qc6 Qa7 27.h4 Nb8 28.Qb5 Qa3 29.Bd2 Qxf3
30.Qa4 Ng4 31.Be1 Kg7 32.Qc2 h5 33.Bg2 Qa3 34.c5 bxc5 35.bxc5 Nd7 36.cxd6 cxd6
37.Qc3 Qa2 38.Qd2 Qb1 39.Qb4 Qd1 40.Qd2 Qxd2 41.Bxd2 Kf8 42.Bg5 f6 43.Bd2 f5
44.Kf1 e4 45.f3 exf3 46.Bxf3 Nb6 47.Bf4 Ke7 48.Bg5+ Kf7 49.Ke2 Nf6 50.Kd3 Nbxd5
51.Bd1 Ne7 52.Bb3+ d5 53.Kd4 Ke6 54.Bf4 Nc6+ 55.Kc5 Ne5 56.Kd4 Nc6+ 57.Kc5 Na5
58.Ba2 Ne4+ 59.Kb6 Nc4+ 60.Kc6 Ne5+ 61.Kb7 Nc3 62.Bb3 Nd3 63.Be3 Ke5 64.Kc6 Ke4
65.Bd2 d4 66.Bc2 Nd5 67.Kb5 Ne3 68.Bb1 Nf1 69.Bg5 Ne3 70.Bf4 Nd1 71.Kc6 Nf2
72.Bd2 Kf3 73.Kd5 Kxg3 74.Kxd4 Nf4 75.Be1 Ng2 76.Bxf2+ Kxf2 77.Ke5 Kg3 78.Kf6 Nxh4
79.Kg5 f4 80.Ba2 f3 81.Bc4 f2 82.Ba6 Nf3+ 83.Kxg6 h4  0-1